Diversion from custody for mentally disordered offenders: a practical guide

Gespeichert in:  
Bibliographische Detailangaben
Beteiligte: Staite, Catherine (BeteiligteR)
Medienart: Druck Buch
Sprache:Englisch
Veröffentlicht: Harlow Longman 1994
In:Jahr: 1994
Bestand in Tübingen:In Tübingen vorhanden.
UB: KB 8 E 5336
Verfügbarkeit prüfen: HBZ Gateway
Subito Bestelldienst: Jetzt bestellen.
Schlagwörter:

MARC

LEADER 00000cam a2200000 c 4500
001 1636785344
003 DE-627
005 20251225204255.0
007 tu
008 950228s1994 xx ||||| 00| ||eng c
016 7 |a b94X1102  |2 UK 
020 |a 0582239001  |9 0-582-23900-1 
035 |a (DE-627)1636785344 
035 |a (DE-576)043964850 
035 |a (DE-599)BSZ043964850 
035 |a (OCoLC)32528939 
040 |a DE-627  |b ger  |c DE-627  |e rakwb 
041 |a eng 
082 0 |a 364.38 
082 0 |a 364.380941 
245 0 0 |a Diversion from custody for mentally disordered offenders  |b a practical guide  |c by Catherine Staite ... 
263 |a kart. : £ 13.95 
264 1 |a Harlow  |b Longman  |c 1994 
300 |a X, 166 S. 
336 |a Text  |b txt  |2 rdacontent 
337 |a ohne Hilfsmittel zu benutzen  |b n  |2 rdamedia 
338 |a Band  |b nc  |2 rdacarrier 
583 1 |a Archivierung prüfen  |c 20200919  |f DE-640  |z 2  |2 pdager 
583 1 |a Archivierung/Langzeitarchivierung gewährleistet  |f SSG  |x XA-DE-BW  |2 pdager  |5 DE-21 
650 4 |a Criminology 
700 1 |a Staite, Catherine  |4 oth 
935 |a mkri 
951 |a BO 
ELC |b 1 
LOK |0 000 xxxxxcx a22 zn 4500 
LOK |0 001 3294490631 
LOK |0 003 DE-627 
LOK |0 004 1636785344 
LOK |0 005 19960509000000 
LOK |0 008 950228||||||||||||||||ger||||||| 
LOK |0 040   |a DE-21  |c DE-627  |d DE-21 
LOK |0 852   |a DE-21 
LOK |0 852 1  |c KB 8 E 5336  |9 00 
LOK |0 935   |a krim 
LOK |0 936ln  |a k8.6.6 
LOK |0 939   |a 28-02-95  |b l01 
LOK |0 000 xxxxxcx a22 zn 4500 
LOK |0 001 3294490704 
LOK |0 003 DE-627 
LOK |0 004 1636785344 
LOK |0 005 20210408123953 
LOK |0 008 180404||||||||||||||||ger||||||| 
LOK |0 040   |a DE-Frei85  |c DE-627  |d DE-Frei85 
LOK |0 852   |a DE-Frei85 
LOK |0 852 1  |m p  |9 00 
LOK |0 938   |k p 
LOK |0 939   |a 04-04-18  |b l01 
ORI |a SA-MARC-krimdoka001.raw 
SIG |a UB: KB 8 E 5336